Jadrová energetika na Slovensku

Z obsahu: Začala sa verejná diskusia o energetickej politike SR. Bohunická elektráreň V1 by mala ostať v prevádzke do roku 2010 až 2012. Environmentálne organizácie nepovažujú hodnotenia MAAE o bezpečnosti bohunickej V1 za nezávislé. A. Masár o okamžitom odstavení V1: Takýto úder by firma neuniesla....

Descrizione completa

Salvato in:
Dettagli Bibliografici
Autore principale: Šporer, Peter
Natura: Capitolo di libro
Lingua:slovacco
Soggetti:
Tags: Aggiungi Tag
Nessun Tag, puoi essere il primo ad aggiungerne!!

MARC

LEADER 00000naa a2200000 4500
001 r035698
005 20230921103752.3
041 0 |a slo 
044 |a SK 
245 1 0 |a Jadrová energetika na Slovensku  |c Peter Šporer 
520 |a Z obsahu: Začala sa verejná diskusia o energetickej politike SR. Bohunická elektráreň V1 by mala ostať v prevádzke do roku 2010 až 2012. Environmentálne organizácie nepovažujú hodnotenia MAAE o bezpečnosti bohunickej V1 za nezávislé. A. Masár o okamžitom odstavení V1: Takýto úder by firma neuniesla. Druhý blok jadrovej elektrárne v Mochovciach začne vyrábať koncom tohto roka. Dokončenie tretieho a štvrtého mochovského bloku je pridrahé. 
610 2 0 |a energia atómová 
610 2 0 |a elektrárne atómové 
610 2 0 |a bezpečnosť environmentálna 
610 2 0 |a ochrana prostredia životného 
610 2 0 |a Slovensko 
610 2 0 |a Jaslovské Bohunice 
610 2 0 |a Mochovce 
100 1 |a Šporer, Peter